Sherlock Episodes - Statistics

General Stats
  • This quiz has been taken 23 times
  • The average score is 9 of 14
Answer Stats
Number Episode % Correct
1.1 A Study in Pink
100%
2.3 The Reichenbach Fall
94%
1.3 The Great Game
82%
2.1 A Scandal in Belgravia
76%
2.2 The Hounds of Baskerville
76%
1.2 The Blind Banker
71%
3.2 The Sign of Three
65%
3.3 His Last Vow
59%
Special The Abominable Bride
59%
4.2 The Lying Detective
59%
4.3 The Final Problem
53%
4.1 The Six Thatchers
47%
3.1 The Empty Hearse
41%
Short Many Happy Returns
35%
No matching quizzes found
Score Distribution
Percent of People with Each Score
Percentile by Number Answered
Your Score History
You have not taken this quiz